000 00249nam a22001097a 4500
008 170125b xxu||||| |||| 00| 0 eng d
020 _a9780801658488
041 _aeng
080 _a618.2
245 _aNURSING MANAGEMENT
_cTOMEY, A.M
942 _2udc
_cBK
999 _c3615
_d3615